Evsiz Ülke Hikayeleri (Record no. 2838)

000 -LEADER
fixed length control field 00486nam a22001817a 4500
008 - FIXED-LENGTH DATA ELEMENTS--GENERAL INFORMATION
fixed length control field 181218b ||||| |||| 00| | eng d
020 ## - INTERNATIONAL STANDARD BOOK NUMBER
International Standard Book Number 9789752893955
041 ## - LANGUAGE CODE
Language code of text/sound track or separate title Türkçe
050 ## - LIBRARY OF CONGRESS CALL NUMBER
Classification number PL248.T73
100 ## - MAIN ENTRY--PERSONAL NAME
9 (RLIN) 1293
Personal name Tulgar, Ahmet
245 ## - TITLE STATEMENT
Title Evsiz Ülke Hikayeleri
250 ## - EDITION STATEMENT
Edition statement 2.Basım
260 ## - PUBLICATION, DISTRIBUTION, ETC.
Place of publication, distribution, etc. İstanbul
Name of publisher, distributor, etc. Everest Yayınları
Date of publication, distribution, etc. Mayıs 2007
300 ## - PHYSICAL DESCRIPTION
Extent 88 Sayfa
500 ## - GENERAL NOTE
General note 1.Basım : Şubat 1989, BFS Yayınları
650 #0 - SUBJECT ADDED ENTRY--TOPICAL TERM
9 (RLIN) 145
Topical term or geographic name entry element Türk Edebiyatı
942 ## - ADDED ENTRY ELEMENTS (KOHA)
Source of classification or shelving scheme
Koha item type Books
Holdings
Withdrawn status Lost status Source of classification or shelving scheme Damaged status Not for loan Permanent Location Current Location Shelving location Date acquired Full call number Barcode Date last seen Price effective from Koha item type
        Ödünç verilemez İmren Ahmet Tüzün Kütüphanesi İmren Ahmet Tüzün Kütüphanesi Ahmet Tüzün 2018-12-18 PL248.T73 100100002789 2018-12-18 2018-12-18 Books

This software was implemented, installed and managed by Devinim Software Training Consulting .